| 000 | 01976nam a2200361 a 4500 | ||
|---|---|---|---|
| 001 | ebr10518646 | ||
| 003 | CaPaEBR | ||
| 006 | m u | ||
| 007 | cr cn||||||||| | ||
| 008 | 110808s2012 njua sb 001 0 eng d | ||
| 010 | _z 2011033595 | ||
| 020 | _z9780470938782 | ||
| 020 | _z9781118217863 (e-book) | ||
| 040 |
_aCaPaEBR _cCaPaEBR |
||
| 035 | _a(OCoLC)768243514 | ||
| 050 | 1 | 4 |
_aTP1120 _b.T65 2012eb |
| 082 | 0 | 4 |
_a620.1/92323 _223 |
| 100 | 1 | _aTolinski, Michael. | |
| 245 | 1 | 0 |
_aPlastics and sustainability _h[electronic resource] : _btowards a peaceful coexistence between bio-based and fossil fuel-based plastics / _cMichael Tolinski. |
| 260 |
_aHoboken, N.J. : _bJohn Wiley & Sons ; _aSalem, Mass. : _bScrivener Pub., _cc2012. |
||
| 300 |
_axv, 277 p. : _bill. |
||
| 504 | _aIncludes bibliographical references and index. | ||
| 520 |
_a"This book addresses an issue of current importance to plastics and manufacturing industry readers, and also to society as a whole. Its guiding question concerns the production, consumption, use, and disposal of plastic products, and how our cultural practice of relying on plastic products can (if it can) fit our needs for a sustainable economy and world. It discusses all possible footprints of plastics use, not just focusing on greenhouse gas production, but also on toxicity and human health, societal standards, and effects on ecosystems"-- _cProvided by publisher. |
||
| 533 |
_aElectronic reproduction. _bPalo Alto, Calif. : _cebrary, _d2012. _nAvailable via World Wide Web. _nAccess may be limited to ebrary affiliated libraries. |
||
| 650 | 0 | _aPlastics. | |
| 650 | 0 | _aBiodegradable plastics. | |
| 650 | 0 | _aBiopolymers. | |
| 650 | 0 |
_aPlastics _xToxicology. |
|
| 650 | 0 | _aSustainable engineering. | |
| 655 | 7 |
_aElectronic books. _2local |
|
| 710 | 2 | _aebrary, Inc. | |
| 856 | 4 | 0 |
_uhttp://site.ebrary.com/lib/rucke/Doc?id=10518646 _zAn electronic book accessible through the World Wide Web; click to view |
| 999 |
_c236410 _d236410 |
||